| 000 | 00811nas a2200277 4500 | ||
|---|---|---|---|
| 001 | BR2013009222 | ||
| 003 | BR-BrBNA | ||
| 005 | 20231205123231.0 | ||
| 007 | ta | ||
| 008 | 230509b bl.|||p| |||| 00| 00por d | ||
| 040 |
_aBR-BrBNA _bpor _cBiblioteca Nacional de Agricultura |
||
| 041 | _a(Pt) | ||
| 072 | _aL70 | ||
| 100 | 1 | _aLaroque, P.O. | |
| 100 | 1 | _aFialho, M.S. | |
| 100 | 1 | _aRodrigues, K.C. | |
| 100 | 1 | _aRégis, T. | |
| 245 | 1 | _aUlceração cutânea enm resposta ao uso de rádio-colar em Alouatta | |
| 650 | _aGUARIBA | ||
| 650 | _aANIMAL SELVAGEM | ||
| 650 | _aCOMPORTAMENTO ANIMAL | ||
| 650 | _aLESÃO | ||
| 773 | 0 |
_tA Hora Veterinária (Brazil) _xISSN 0101-9163 _g(May-Jun 2012), v. 32(187) p. 56-57 _wBR2013009222 |
|
| 909 |
_a202311 _bLúcia _c55 _dLúcia Elande |
||
| 942 |
_2AGRIS _n0 _cANA |
||
| 999 |
_c232847 _d232847 |
||